| 000 | 00926cam a22002775a 4500 | ||
|---|---|---|---|
| 005 | 20150823131010.0 | ||
| 008 | 100921s2002 ii a frbd 001 0 eng d | ||
| 020 | _a0130617733 | ||
| 020 | _a9788129702531 | ||
| 040 |
_aEG-ScBUE _beng _cEG-ScBUE |
||
| 082 | 0 | 4 |
_a658.4038011 _bALT _222 |
| 100 | 1 |
_aAlter, Steven. _919668 |
|
| 245 | 1 | 0 |
_aInformation systems : _bthe foundation of e-business / _cSteven Alter. |
| 250 | _a4th ed., Low price ed. | ||
| 260 |
_aDelhi : _bPrentice Education (Singapore), _cc.2002. |
||
| 300 |
_axxviii, 587 p. : _bill. (some col.) ; _c29 cm. |
||
| 500 | _aIncludes indexes. | ||
| 500 | _aGlossary : p. 571-587. | ||
| 504 | _aBibliography : p. 551-563. | ||
| 650 | 0 |
_aManagement information systems. _919669 _2BUEsh |
|
| 650 | 0 |
_aElectronic commerce. _919670 _2BUEsh |
|
| 651 | _2BUEsh | ||
| 653 |
_bCOMSCI _cAugust2015 |
||
| 655 |
_vreading book _934232 |
||
| 942 | _k658.4038011 ALT | ||
| 999 |
_c405 _d405 |
||